[Event "TURNIEJ O PUCHAR UKS PALAC MLODZIEZY KATOWICE Z OKAZJI DNIA NIEPODLEGLOSCI"]
[Site "Centrum Kongresow i Rekreacji Orle Gniazdo ul. Wrzosowa 28a, Szczyrk"]
[Date "1899-12-30"]
[Round "8.33"]
[White "Laszczuk, Zuzanna"]
[Black "Musiala, Jakub"]
[Result "1-0"]
[WhiteTitle "I"]
[BlackTitle "II+"]
[WhiteElo "1229"]
[BlackElo "1433"]

1. e4 c5 2. Nc3 e6 3. f4 a6 4. g3 Qc7 5. d3 b5 6. Bg2 Bb7 7. a3 d6 8. Nf3 Nd7 9.
O-O Ngf6 10. h3 Be7 11. g4 Nb6 12. Be3 c4 13. Rc1 d5 14. e5 Nfd7 15. d4 Bc6 16.
Qe2 a5 17. Nd2 b4 18. axb4 axb4 19. Nd1 Bb5 20. c3 b3 21. Nf2 Ra2 22. Rb1 Na4
23. Nf3 Nxc3 24. Qd2 Nxb1 25. Rxb1 Nb6 26. f5 Na4 27. Nd1 c3 28. Nxc3 Nxc3 29.
Qxc3 Qxc3 30. bxc3 Bc4 31. Nd2 Ra3 32. Bf1 Bxf1 33. Kxf1 b2 34. Rxb2 Rxc3 35.
Ke2 Kd7 36. Rb7+ Rc7 37. Rb5 Rb8 38. Rxb8 exf5 39. gxf5 g6 40. fxg6 hxg6 41. Nb3
Rc2+ 42. Kd3 Rc7 43. Nc5+ Bxc5 44. dxc5 Ke6 45. Kd4 Kf5 46. Rb6 Rd7 47. c6 Rc7
48. Kc5 f6 49. exf6 Kxf6 50. Kd6 Rh7 51. c7 Rxc7 52. Kxc7+ Ke5 53. Bg5 d4 54.
Bf6+ Ke4 55. Rd6 d3 56. Bg5 Kf3 57. Rxd3+ Kg2 58. Bf4 Kf2 59. Kd6 Ke2 60. Rd1
Kxd1 1-0

[Event "TURNIEJ O PUCHAR UKS PALAC MLODZIEZY KATOWICE Z OKAZJI DNIA NIEPODLEGLOSCI"]
[Site "Centrum Kongresow i Rekreacji Orle Gniazdo ul. Wrzosowa 28a, Szczyrk"]
[Date "1899-12-30"]
[Round "8.34"]
[White "Swider, Pawel"]
[Black "Golinski, Kacper"]
[Result "0-1"]
[WhiteTitle "I"]
[BlackTitle "II"]
[WhiteElo "1429"]
[BlackElo "1300"]

1. d4 d5 2. c4 e6 3. Nf3 Nf6 4. e3 Be7 5. Nc3 O-O 6. Bd3 b6 7. O-O Bb7 8. a3 Nbd7
9. b4 Rc8 10. c5 c6 11. Bd2 Qc7 12. a4 Rfd8 13. Ne2 e5 14. dxe5 Nxe5 15. Nxe5
Qxe5 16. Bc3 Qc7 17. cxb6 axb6 18. Ng3 c5 19. Bf5 Ra8 20. bxc5 bxc5 21. Qb1 Qc6
22. Bxf6 Bxf6 23. Ra2 c4 24. Bxh7+ Kh8 25. Bc2 Re8 26. Nf5 d4 27. f3 d3 28. Bxd3
cxd3 29. Qxd3 Ba6 30. Qd6 Qxd6 31. Nxd6 Bxf1 32. Nxe8 Bc4 33. Rc2 Bb3 34. Rc3
Bxc3 0-1

[Event "TURNIEJ O PUCHAR UKS PALAC MLODZIEZY KATOWICE Z OKAZJI DNIA NIEPODLEGLOSCI"]
[Site "Centrum Kongresow i Rekreacji Orle Gniazdo ul. Wrzosowa 28a, Szczyrk"]
[Date "1899-12-30"]
[Round "8.35"]
[White "Winter, Anna"]
[Black "Jordan, Adam"]
[Result "1/2-1/2"]
[WhiteTitle "I"]
[BlackTitle "II"]
[WhiteElo "1423"]
[BlackElo "1121"]

1. e4 c6 2. d4 d5 3. exd5 cxd5 4. Nf3 Nf6 5. Be2 Bf5 6. c3 e6 7. O-O Nc6 8. Bg5
Be7 9. Nbd2 O-O 10. a4 Ne4 11. Bxe7 Qxe7 12. Nxe4 Bxe4 13. Qd2 Rac8 14. Rfe1 Na5
15. Rad1 Nc4 16. Bxc4 Rxc4 17. b3 Rc7 18. Ne5 Rfc8 19. c4 f6 20. Ng4 Bf5 21. Ne3
Bg6 22. cxd5 Rd7 23. dxe6 Qxe6 24. d5 Qb6 25. Qd4 Qxb3 26. Qxa7 Rcd8 27. Qa5 h6
28. h3 Kh7 1/2-1/2

[Event "TURNIEJ O PUCHAR UKS PALAC MLODZIEZY KATOWICE Z OKAZJI DNIA NIEPODLEGLOSCI"]
[Site "Centrum Kongresow i Rekreacji Orle Gniazdo ul. Wrzosowa 28a, Szczyrk"]
[Date "1899-12-30"]
[Round "8.36"]
[White "Ciesielski, Jan"]
[Black "Matyszkiewicz, Wiktor"]
[Result "1-0"]
[WhiteTitle "II+"]
[BlackTitle "I"]
[WhiteElo "1410"]
[BlackElo "1589"]

1. d4 Nf6 2. f4 g6 3. Nf3 Bg7 4. e3 O-O 5. Bd3 d5 6. O-O Nbd7 7. c3 c5 8. Nbd2
c4 9. Bc2 b5 10. Ne5 Qb6 11. e4 dxe4 12. Nxe4 Rb8 13. Qe2 Nxe4 14. Bxe4 Nf6 15.
Bf3 Bb7 16. Bxb7 Qxb7 17. a4 a6 18. axb5 axb5 19. Be3 Ra8 20. Qf3 Qxf3 21. Nxf3
Nd5 22. Bd2 Bh6 23. g3 Bg7 24. Ne5 Bxe5 25. fxe5 e6 26. Bf4 Kg7 27. Bg5 h6 28.
Bd2 Nb6 29. Kf2 Rxa1 30. Rxa1 Ra8 31. Rxa8 Nxa8 32. Ke3 Nb6 33. Bc1 Nd5+ 34. Ke4
g5 35. h3 Kg6 36. g4 Kg7 37. Kf3 Kf8 38. Ke2 Ke7 39. Kd1 Kd7 40. Kc2 Ne7 41. b3
Kc6 42. bxc4 bxc4 43. Kb2 Kd5 44. Ka3 Ke4 45. Kb4 Kf3 46. Kxc4 Kg3 47. Kb5 Kxh3
48. c4 Kxg4 49. Be3 Kf3 50. Bg1 h5 51. c5 Kg2 52. Be3 g4 53. c6 h4 54. Bg5 h3
55. Bxe7 h2 56. c7 h1=Q 57. c8=Q Qb1+ 58. Kc6 Qc2+ 59. Kd7 Qxc8+ 60. Kxc8 Kf3
61. Bh4 g3 62. Bxg3 Kxg3 63. Kd7 Kf4 64. Ke7 Ke4 65. Kxf7 Kxd4 66. Kxe6 Kc5 67.
Kf7 Kd5 68. e6 Kc6 69. e7 Kc5 70. e8=Q Kc4 71. Qe5 Kd3 72. Kf6 Kc4 73. Kf5 Kd3
74. Qe4+ Kc3 75. Ke5 Kd2 76. Qf3 Kc2 77. Qe3 Kb2 78. Qd3 Ka2 79. Qb5 Ka3 80. Kd4
Ka2 81. Kc3 Ka3 82. Qb3# 1-0

[Event "TURNIEJ O PUCHAR UKS PALAC MLODZIEZY KATOWICE Z OKAZJI DNIA NIEPODLEGLOSCI"]
[Site "Centrum Kongresow i Rekreacji Orle Gniazdo ul. Wrzosowa 28a, Szczyrk"]
[Date "1899-12-30"]
[Round "8.37"]
[White "Kubaszewski, Piotr"]
[Black "Guzik, Kacper"]
[Result "0-1"]
[WhiteTitle "III"]
[BlackTitle "II"]
[WhiteElo "1044"]
[BlackElo "1404"]

1. e4 c5 2. Nf3 e6 3. d4 cxd4 4. Nxd4 Qb6 5. c3 Bc5 6. Bc4 e5 7. Nb3 Bxf2+ 8. Ke2
Nf6 9. Rf1 Nxe4 10. Qd5 Qg6 11. Bd3 Qg4# 0-1

[Event "TURNIEJ O PUCHAR UKS PALAC MLODZIEZY KATOWICE Z OKAZJI DNIA NIEPODLEGLOSCI"]
[Site "Centrum Kongresow i Rekreacji Orle Gniazdo ul. Wrzosowa 28a, Szczyrk"]
[Date "1899-12-30"]
[Round "8.38"]
[White "Mytych, Wiktoria"]
[Black "Majdecki, Robert"]
[Result "1/2-1/2"]
[WhiteTitle "I"]
[BlackTitle "II"]
[WhiteElo "1332"]
[BlackElo "1589"]

1. e4 e5 2. Nf3 Nc6 3. Nc3 Nf6 4. Bb5 d6 5. d4 exd4 6. Nxd4 Bd7 7. Bxc6 bxc6 8.
O-O Be7 9. Bf4 O-O 10. Re1 h6 11. e5 dxe5 12. Bxe5 Bd6 13. Nf3 Bg4 14. h3 Bh5
15. Qd3 Bg6 16. Qd2 Re8 17. Bxf6 Qxf6 18. Rac1 Rad8 19. Rxe8+ Rxe8 20. Re1 Rxe1+
21. Nxe1 Bb4 22. Kf1 Bxc3 23. bxc3 Qd6 24. Qd4 c5 25. Qe3 Kf8 26. Kg1 Qe7 27.
Qxe7+ Kxe7 28. Kf1 Kd6 29. Ke2 Kd5 30. Nd3 c4 31. Nf4+ Ke5 32. Nxg6+ fxg6 33.
Ke3 c5 34. a4 a5 35. f3 g5 36. g3 h5 37. h4 gxh4 38. gxh4 g6 39. f4+ Kf5 40. Kf3
Kf6 41. Ke4 Ke6 42. Ke3 1/2-1/2

[Event "TURNIEJ O PUCHAR UKS PALAC MLODZIEZY KATOWICE Z OKAZJI DNIA NIEPODLEGLOSCI"]
[Site "Centrum Kongresow i Rekreacji Orle Gniazdo ul. Wrzosowa 28a, Szczyrk"]
[Date "1899-12-30"]
[Round "8.39"]
[White "Wolak, Kamil"]
[Black "Tomkiewicz, Szymon"]
[Result "1-0"]
[WhiteTitle "II"]
[BlackTitle "II"]
[WhiteElo "1520"]
[BlackElo "1276"]

1. e4 d5 2. exd5 Qxd5 3. Nc3 Qa5 4. d4 c6 5. Bd2 Qc7 6. Nf3 Nf6 7. Bd3 Bg4 8. Qe2
e6 9. O-O-O Nbd7 10. h3 Bh5 11. g4 Bg6 12. Ne5 O-O-O 13. Nxg6 hxg6 14. Ne4 Nxe4
15. Bxe4 Nb6 16. c3 Bd6 17. Qf3 f5 18. Bc2 Nc4 19. Rde1 Rhe8 20. Bb3 Nxd2 21.
Kxd2 Qf7 22. gxf5 gxf5 23. Kc2 g6 24. Qg2 Qf6 25. Rhg1 e5 26. Qxg6 Qxg6 27. Rxg6
exd4 28. Rxe8 Rxe8 29. Rxd6 Re2+ 30. Kd3 Rxf2 31. Rxd4 Rxb2 32. Be6+ Kc7 33. Rf4
Kd6 34. Bxf5 Rxa2 35. Be4 Ke5 36. Rf5+ Kd6 37. h4 Rh2 38. h5 Rh3+ 39. Kd4 b6 40.
Rf6+ Kd7 41. Bxc6+ Ke7 42. Rh6 Rh4+ 43. Kd3 Rh3+ 44. Kc2 a5 45. Be4 b5 46. Rh7+
Kf6 47. Bg6 b4 48. cxb4 axb4 49. Rb7 1-0

[Event "TURNIEJ O PUCHAR UKS PALAC MLODZIEZY KATOWICE Z OKAZJI DNIA NIEPODLEGLOSCI"]
[Site "Centrum Kongresow i Rekreacji Orle Gniazdo ul. Wrzosowa 28a, Szczyrk"]
[Date "1899-12-30"]
[Round "8.40"]
[White "Skowron, Mateusz"]
[Black "Rosenfeld, Noe"]
[Result "1-0"]
[WhiteTitle "I"]
[BlackTitle "II"]
[WhiteElo "1448"]
[BlackElo "1243"]

1. e4 c5 2. Nc3 g6 3. f4 Bg7 4. Nf3 d6 5. Bb5+ Bd7 6. Bxd7+ Nxd7 7. d3 e6 8. O-O
Ne7 9. Qe1 O-O 10. Qh4 Nc6 11. Qe1 Qb6 12. Kh1 Nd4 13. Nxd4 Bxd4 14. Rb1 Qb4 15.
Bd2 Qb6 16. Na4 Qc7 17. Bc3 Bg7 18. Bxg7 Kxg7 19. Nc3 Kg8 20. Nb5 Qc6 21. a4 a6
22. Nc3 Nb6 23. Ra1 Rad8 24. f5 exf5 25. exf5 Nd5 26. fxg6 fxg6 27. Qe6+ Kh8 28.
Qxd5 Qxd5 29. Nxd5 Rxf1+ 30. Rxf1 Re8 31. Nc3 Kg7 32. h3 h5 33. Kh2 Re3 34. Kg1
Re5 35. Ne4 b6 36. Kf2 Rf5+ 37. Ke2 Rxf1 38. Kxf1 d5 39. Nd6 Kf6 40. Nc8 b5 41.
axb5 axb5 42. Nd6 b4 43. Nb7 c4 44. dxc4 dxc4 45. Na5 c3 46. b3 Ke5 47. Nc6+ Kd5
48. Nxb4+ Kc5 49. Nd3+ Kd4 50. Ke2 Ke4 51. g3 Kf5 52. Kf3 1-0

[Event "TURNIEJ O PUCHAR UKS PALAC MLODZIEZY KATOWICE Z OKAZJI DNIA NIEPODLEGLOSCI"]
[Site "Centrum Kongresow i Rekreacji Orle Gniazdo ul. Wrzosowa 28a, Szczyrk"]
[Date "1899-12-30"]
[Round "8.41"]
[White "Karys, Katarzyna"]
[Black "Olsztynski, Andrzej"]
[Result "0-1"]
[WhiteTitle "II"]
[BlackTitle "II"]
[WhiteElo "1102"]
[BlackElo "1420"]

1. e4 c5 2. Nf3 Nc6 3. d4 cxd4 4. Nxd4 g6 5. Be3 Bg7 6. f3 d6 7. Nc3 Nf6 8. Qd2
Bd7 9. Bc4 Rc8 10. Bb3 Ne5 11. O-O-O a6 12. a4 O-O 13. g4 Nc4 14. Bxc4 Rxc4 15.
h4 Bxa4 16. Nxa4 Rxa4 17. h5 Ra1# 0-1

[Event "TURNIEJ O PUCHAR UKS PALAC MLODZIEZY KATOWICE Z OKAZJI DNIA NIEPODLEGLOSCI"]
[Site "Centrum Kongresow i Rekreacji Orle Gniazdo ul. Wrzosowa 28a, Szczyrk"]
[Date "1899-12-30"]
[Round "8.42"]
[White "Rainer, Piotr"]
[Black "Szych, Adam"]
[Result "0-1"]
[WhiteTitle "III"]
[BlackTitle "II"]
[WhiteElo "1198"]
[BlackElo "1376"]

1. e4 e5 2. Nf3 Nc6 3. Nc3 Nf6 4. Bc4 Bc5 5. O-O O-O 6. Bb3 d6 7. d3 h6 8. h3 a6
9. Re1 Na5 10. Bd5 c6 11. Bb3 Nxb3 12. axb3 Be6 13. d4 exd4 14. Nxd4 Bd7 15. Nf5
Bxf5 16. exf5 d5 17. Ne2 Re8 18. Ng3 Qd7 19. Bf4 Rxe1+ 20. Qxe1 Re8 21. Qd2 Qe7
22. Rd1 Ne4 23. Nxe4 Qxe4 24. g4 Qe2 25. b4 Bb6 26. Qxe2 Rxe2 27. Rc1 Rxf2 28.
Kh1 Rxf4 29. Re1 Re4 30. Rf1 Kf8 31. Kg2 Re2+ 32. Kf3 Rxc2 33. Kf4 Rxb2 34. Ke5
Rxb4 35. Kd6 Re4 36. Kd7 f6 37. g5 hxg5 38. Rb1 Re7+ 39. Kd6 Bc7+ 40. Kc5 Re3
41. Rxb7 Bf4 42. Kxc6 d4 43. Rd7 d3 44. Rd8+ Kf7 45. Rd7+ Ke8 46. Rxg7 d2 47.
Rd7 Re1 48. Ra7 d1=Q 49. Ra8+ Kf7 50. Ra7+ Kg8 51. Ra8+ Kh7 52. Ra7+ Kh6 53. Rf7
Qa4+ 54. Kc5 Rc1+ 55. Kd5 Qb5+ 56. Ke6 Qc4+ 57. Ke7 Qc7+ 58. Ke8 Qc8+ 59. Ke7
Rc7+ 60. Ke6 0-1

[Event "TURNIEJ O PUCHAR UKS PALAC MLODZIEZY KATOWICE Z OKAZJI DNIA NIEPODLEGLOSCI"]
[Site "Centrum Kongresow i Rekreacji Orle Gniazdo ul. Wrzosowa 28a, Szczyrk"]
[Date "1899-12-30"]
[Round "8.43"]
[White "Guzik, Michal"]
[Black "Kulec, Gabriela"]
[Result "0-1"]
[WhiteTitle "II"]
[BlackTitle "II"]
[WhiteElo "1298"]
[BlackElo "1370"]

1. e4 e5 2. Nf3 Nc6 3. Bc4 Bc5 4. O-O h6 5. Nc3 d6 6. d3 Nf6 7. Be3 Bb6 8. Bxb6
axb6 9. Nd5 Be6 10. Bb3 Bxd5 11. exd5 Ne7 12. c4 O-O 13. Nd2 Ng6 14. Ne4 Re8 15.
Qf3 Nxe4 16. dxe4 c6 17. Qe2 c5 18. Bc2 Nf4 19. Qg4 Qe7 20. g3 h5 21. Qd1 Qg5
22. Kh1 Nh3 23. Bd3 h4 24. gxh4 Qxh4 25. Qf3 g6 26. Qg2 Kg7 27. Be2 Rh8 28. Bg4
Nf4 29. Qg1 Rh6 30. Rae1 Rah8 31. Bf3 Qxh2+ 32. Qxh2 Rxh2+ 33. Kg1 Nd3 34. Re3
Nf4 35. Rb1 R8h3 36. Rbe1 Nh5 37. Rd1 f6 38. Kf1 Nf4 39. Ke2 Rh6+ 40. Kd2 Rxf2+
41. Kc1 Rhh2 42. Rc3 Rxb2 43. Rf1 Rxa2 44. Kb1 Rad2 45. Kc1 Nd3+ 46. Kb1 Rb2+
47. Ka1 Ra2+ 0-1

[Event "TURNIEJ O PUCHAR UKS PALAC MLODZIEZY KATOWICE Z OKAZJI DNIA NIEPODLEGLOSCI"]
[Site "Centrum Kongresow i Rekreacji Orle Gniazdo ul. Wrzosowa 28a, Szczyrk"]
[Date "1899-12-30"]
[Round "8.44"]
[White "Wisniewski, Jacek"]
[Black "Gazda, Dominik"]
[Result "1-0"]
[WhiteTitle "k"]
[BlackTitle "II+"]
[WhiteElo "1702"]
[BlackElo "1294"]

1. e4 e5 2. Nf3 Nf6 3. d4 exd4 4. Bc4 Bb4+ 5. c3 dxc3 6. Nxc3 Nc6 7. e5 Ne4 8.
O-O Nxc3 9. bxc3 Bxc3 10. Bxf7+ Kxf7 11. Qb3+ Kf8 12. Qxc3 d6 13. Bg5 Qd7 14.
exd6 cxd6 15. Rfe1 h6 16. Bh4 g5 17. Bg3 Rh7 18. Rad1 d5 19. Qc5+ Kg8 20. Rxd5
Qf7 21. Ne5 Nxe5 22. Rd8+ Kg7 23. Bxe5+ Kg6 24. Rf8 Qd7 25. Rf6+ Kh5 26. Qc3 Qg4
27. h3 Qh4 28. Qf3+ g4 29. Qd5 Bf5 30. Rxf5+ Kg6 31. Qe6+ Qf6 1-0

[Event "TURNIEJ O PUCHAR UKS PALAC MLODZIEZY KATOWICE Z OKAZJI DNIA NIEPODLEGLOSCI"]
[Site "Centrum Kongresow i Rekreacji Orle Gniazdo ul. Wrzosowa 28a, Szczyrk"]
[Date "1899-12-30"]
[Round "8.45"]
[White "Jendrowiak, Maciej"]
[Black "Jakubowska, Urszula"]
[Result "0-1"]
[WhiteTitle "III"]
[BlackTitle "I"]
[WhiteElo "1182"]
[BlackElo "1450"]

1. d4 Nf6 2. c4 d5 3. Nc3 e6 4. Bg5 Be7 5. e3 Nbd7 6. Nf3 O-O 7. cxd5 Nxd5 8. Bxe7
Nxe7 9. Bd3 Nc6 10. Qc2 Nf6 11. Ne4 Nb4 12. Nxf6+ Qxf6 13. Qb1 Nxd3+ 14. Qxd3
b6 15. Rc1 Bb7 16. e4 Qf4 17. Nd2 Rac8 18. f3 Rfd8 19. O-O c5 20. g3 Qh6 21. Nb3
cxd4 22. Rxc8 Rxc8 23. Qxd4 Ba6 24. Re1 Qg5 25. f4 Qb5 26. a4 Qc4 27. Qxc4 Bxc4
28. Nd2 Bd3 29. Re3 Ba6 30. Rc3 Rd8 31. Nb3 g6 32. Rc1 Rd3 33. Rc3 Rd1+ 34. Kg2
Rb1 35. Rc1 Rxb2+ 36. Rc2 Rxc2+ 0-1

[Event "TURNIEJ O PUCHAR UKS PALAC MLODZIEZY KATOWICE Z OKAZJI DNIA NIEPODLEGLOSCI"]
[Site "Centrum Kongresow i Rekreacji Orle Gniazdo ul. Wrzosowa 28a, Szczyrk"]
[Date "1899-12-30"]
[Round "8.46"]
[White "Piersiak, Krystian"]
[Black "Musin, Oliwia"]
[Result "1-0"]
[WhiteTitle "II"]
[BlackTitle "II"]
[WhiteElo "1348"]
[BlackElo "1171"]

1. e4 d5 2. exd5 Nf6 3. Nc3 Nxd5 4. Nge2 Bg4 5. f3 Bh5 6. d3 Nxc3 7. Nxc3 Nc6 8.
Be3 e6 9. Be2 Bb4 10. Qd2 Nd4 11. O-O Nxe2+ 12. Qxe2 Bxc3 13. bxc3 Bg6 14. Bd4
Rg8 15. Rab1 b6 16. Qe5 Qd7 17. f4 h6 18. f5 Bh7 19. fxe6 Qxe6 20. Qxe6+ fxe6
21. Rbe1 Ke7 22. Rf3 Rae8 23. Be5 Kd7 24. Rf7+ Kd8 25. Rxc7 Re7 26. Rxe7 Kxe7
27. c4 g5 28. Rf1 Rf8 29. Bd6+ Kxd6 30. Rxf8 Bg6 31. Rf6 Be8 32. Rxh6 Ba4 33.
c3 Bc2 34. d4 Bb1 35. a3 Ba2 36. Rg6 Bxc4 37. Rxg5 Bd5 38. h4 Be4 39. h5 Bh7 40.
h6 a6 41. Rg7 Bf5 42. h7 Bxh7 43. Rxh7 Kd5 44. Kf2 Kc4 45. Rh6 Kxc3 46. Rxe6 Kxd4
47. Rxb6 a5 48. Rb5 Kc4 49. Rxa5 Kb3 50. g4 Kc4 51. g5 1-0

[Event "TURNIEJ O PUCHAR UKS PALAC MLODZIEZY KATOWICE Z OKAZJI DNIA NIEPODLEGLOSCI"]
[Site "Centrum Kongresow i Rekreacji Orle Gniazdo ul. Wrzosowa 28a, Szczyrk"]
[Date "1899-12-30"]
[Round "8.47"]
[White "Zyhalko, Konrad"]
[Black "Luka, Agnieszka"]
[Result "0-1"]
[WhiteTitle "III"]
[BlackTitle "II"]
[WhiteElo "1173"]
[BlackElo "1344"]

1. e4 d6 2. d4 g6 3. Nc3 Bg7 4. Nf3 Nf6 5. Bf4 Nbd7 6. e5 Nh5 7. Bg3 Nxg3 8. hxg3
dxe5 9. dxe5 Nxe5 10. Qxd8+ Kxd8 11. Rd1+ Bd7 12. Ne4 Nxf3+ 13. gxf3 Ke8 14. Ng5
Bxb2 15. Nxf7 Kxf7 16. Rxd7 Be5 17. Bc4+ Kf6 18. Bd5 Rab8 19. Rh4 Bd6 20. Ra4
a6 21. Re4 Rhe8 22. Re3 0-1

[Event "TURNIEJ O PUCHAR UKS PALAC MLODZIEZY KATOWICE Z OKAZJI DNIA NIEPODLEGLOSCI"]
[Site "Centrum Kongresow i Rekreacji Orle Gniazdo ul. Wrzosowa 28a, Szczyrk"]
[Date "1899-12-30"]
[Round "8.49"]
[White "Wasala, Wiktoria"]
[Black "Pospiech, Mateusz"]
[Result "0-1"]
[WhiteTitle "I"]
[BlackTitle "III"]
[WhiteElo "1271"]
[BlackElo "1153"]

1. e4 e6 2. d4 d5 3. Nd2 Nc6 4. c3 Nge7 5. Ngf3 Ng6 6. Bd3 Be7 7. O-O O-O 8. Nb3
Nf4 9. Bxf4 Bd7 10. Ne5 Nxe5 11. Bxe5 dxe4 12. Bxe4 Rb8 13. Qg4 f6 14. Bg3 f5
15. Qf4 fxe4 16. Qxe4 Bc6 17. Qxe6+ Rf7 18. Rfe1 Bd5 19. Qe3 Bg5 20. Qe5 Bxb3
21. axb3 Qe7 22. Qxe7 Bxe7 23. Rxa7 Bd6 24. Bxd6 cxd6 25. g3 b6 26. Rxf7 Kxf7
27. c4 b5 28. Re2 bxc4 29. bxc4 Rb4 30. Rc2 d5 31. cxd5 Rxd4 32. Rc5 Rd2 33. Rb5
Ke7 34. Kf1 Kd6 35. Ke1 Rd4 36. Ke2 Rc4 37. b3 Rc2+ 38. Kf3 Rc3+ 39. Kg2 Rd3 40.
h4 h6 41. f3 Rd2+ 42. Kh3 Rd3 43. Kg4 Rd4+ 44. f4 0-1

[Event "TURNIEJ O PUCHAR UKS PALAC MLODZIEZY KATOWICE Z OKAZJI DNIA NIEPODLEGLOSCI"]
[Site "Centrum Kongresow i Rekreacji Orle Gniazdo ul. Wrzosowa 28a, Szczyrk"]
[Date "1899-12-30"]
[Round "8.50"]
[White "Bien, Hubert"]
[Black "Klisowski, Bartosz"]
[Result "1-0"]
[WhiteTitle "II"]
[BlackTitle "II"]
[WhiteElo "1267"]
[BlackElo "1163"]

1. d4 d5 2. c4 e6 3. Nc3 Nf6 4. Bg5 Be7 5. Nf3 Nc6 6. e3 Bd7 7. Bd3 dxc4 8. Bxc4
h6 9. Bh4 a6 10. O-O b5 11. Bd3 Nd5 12. Bxe7 Ncxe7 13. Be4 Nxc3 14. bxc3 O-O 15.
Bxa8 Qxa8 16. Ne5 Bc8 17. Qc2 Bb7 18. f3 Nd5 19. e4 Ne3 20. Qe2 Nxf1 21. Rxf1
f6 22. Nd7 Rd8 23. Nc5 Re8 24. Qb2 Bc6 25. Qa3 Bb7 26. Rb1 Rd8 27. Nxe6 Rd6 28.
Nxc7 Qc8 29. Qxd6 Kh7 30. Nd5 Bxd5 31. Qxd5 Qxc3 32. Rf1 Qe3+ 33. Kh1 Qe2 34.
Rg1 Qd3 35. Qf5+ Kg8 36. Qc8+ Kh7 37. Qxa6 Qxd4 38. Qxb5 Qd2 39. a4 Qa2 40. a5
Kg6 41. a6 Kh7 42. Qb7 Qe6 43. a7 Qe8 44. a8=Q Qg6 45. Qbc8 Qf7 46. Qh8+ Kg6 47.
Qae8 Qxe8 48. Qxe8+ Kh7 49. e5 fxe5 50. Qxe5 Kg8 51. Rd1 Kh7 52. Qf5+ Kh8 53.
Rd8# 1-0

[Event "TURNIEJ O PUCHAR UKS PALAC MLODZIEZY KATOWICE Z OKAZJI DNIA NIEPODLEGLOSCI"]
[Site "Centrum Kongresow i Rekreacji Orle Gniazdo ul. Wrzosowa 28a, Szczyrk"]
[Date "1899-12-30"]
[Round "8.52"]
[White "Kubiak, Aleksandra"]
[Black "Obrochta, Lena"]
[Result "0-1"]
[WhiteTitle "II"]
[BlackTitle "II+"]
[WhiteElo "1252"]
[BlackElo "1147"]

1. e4 e5 2. Nf3 d6 3. Bc4 Be7 4. O-O Nf6 5. Nc3 O-O 6. d4 Nbd7 7. dxe5 dxe5 8.
h3 c6 9. Be3 Qc7 10. Ng5 h6 11. Nf3 Nb6 12. Bb3 Bd7 13. Qe2 Rad8 14. Rad1 c5 15.
a3 c4 16. Ba2 Bc6 17. Nd2 Rfe8 18. f4 exf4 19. Bxf4 Bc5+ 20. Kh1 Qe7 21. e5 Nfd5
22. Nxc4 Nxf4 23. Rxf4 Rxd1+ 24. Qxd1 Nxc4 25. Bxc4 Qxe5 26. Rxf7 Kh8 27. Rf1
Qg5 28. Bd5 Bxd5 29. Nxd5 Rd8 30. c4 b5 31. b3 a5 32. Qf3 a4 33. b4 Bd4 34. cxb5
Qxd5 35. Qxd5 Rxd5 36. Rf8+ Kh7 37. Ra8 Be5 38. Kg1 Bd4+ 39. Kf1 Rxb5 40. Rxa4
Bc3 41. Ra8 Bxb4 42. axb4 Rxb4 43. Kf2 Rf4+ 44. Kg3 Rc4 45. Kh2 Rd4 46. g4 Rd2+
47. Kg3 Rd3+ 48. Kh4 g5+ 49. Kh5 Rxh3# 0-1

[Event "TURNIEJ O PUCHAR UKS PALAC MLODZIEZY KATOWICE Z OKAZJI DNIA NIEPODLEGLOSCI"]
[Site "Centrum Kongresow i Rekreacji Orle Gniazdo ul. Wrzosowa 28a, Szczyrk"]
[Date "1899-12-30"]
[Round "8.53"]
[White "Laszczuk, Zofia"]
[Black "Zerebiec, Maurycy"]
[Result "0-1"]
[WhiteTitle "II"]
[BlackTitle "II"]
[WhiteElo "1165"]
[BlackElo "1248"]

1. e4 e6 2. d4 d5 3. Nc3 Bb4 4. Bd3 c5 5. b3 Bxc3+ 6. Bd2 Bxa1 7. Qxa1 cxd4 8.
Qxd4 Nf6 9. Bg5 Nc6 10. Qc3 dxe4 11. Bxe4 Bd7 12. Ne2 Qa5 13. Qxa5 Nxa5 14. Bxf6
gxf6 15. O-O Nc6 16. Bf3 f5 17. Nc3 a6 18. h3 O-O-O 19. Na4 Kc7 20. Nc5 Rhg8 21.
Rd1 Bc8 22. Rf1 Ne5 0-1

[Event "TURNIEJ O PUCHAR UKS PALAC MLODZIEZY KATOWICE Z OKAZJI DNIA NIEPODLEGLOSCI"]
[Site "Centrum Kongresow i Rekreacji Orle Gniazdo ul. Wrzosowa 28a, Szczyrk"]
[Date "1899-12-30"]
[Round "8.54"]
[White "Mytnik, Kinga"]
[Black "Franc, Piotr"]
[Result "0-1"]
[WhiteTitle "I"]
[BlackTitle "II"]
[WhiteElo "1241"]
[BlackElo "1126"]

1. e4 e6 2. d4 d5 3. exd5 exd5 4. Nc3 Nf6 5. Nf3 Nc6 6. Be2 Bd6 7. Bg5 Be6 8. O-O
O-O 9. Qd3 h6 10. Bh4 Re8 11. Rfe1 Nb4 12. Qd2 Bg4 13. a3 Nc6 14. b4 Ne4 15. Bxd8
Nxd2 16. Nxd2 Bxe2 17. Nxe2 Raxd8 18. Nc3 Nxd4 19. Rxe8+ Rxe8 20. Rc1 c6 21. f3
Ne2+ 22. Nxe2 Rxe2 23. Kf1 Rxd2 24. c4 Bf4 25. cxd5 Rxd5 26. Rc4 Bxh2 27. Re4
Be5 28. Kf2 Bd4+ 29. Ke2 Re5 30. Rxe5 Bxe5 31. Ke3 Bb2 32. a4 Ba3 33. b5 cxb5
34. axb5 Bc5+ 35. Kd3 f5 36. Kc4 b6 37. Kd5 Kf7 38. Ke5 Kg6 39. f4 h5 40. Kd5
h4 41. Ke5 Bf2 42. Ke6 a5 43. bxa6 b5 44. Kd5 Kh5 45. Kc6 b4 46. Kb7 b3 47. a7
Bxa7 48. Kxa7 b2 49. Ka6 b1=Q 50. Ka5 Kg4 51. Ka4 Kxf4 52. Ka5 Ke5 53. Ka4 Kd4
54. Ka5 Kc5 55. Ka4 Qa2# 0-1

[Event "TURNIEJ O PUCHAR UKS PALAC MLODZIEZY KATOWICE Z OKAZJI DNIA NIEPODLEGLOSCI"]
[Site "Centrum Kongresow i Rekreacji Orle Gniazdo ul. Wrzosowa 28a, Szczyrk"]
[Date "1899-12-30"]
[Round "8.55"]
[White "Jeda, Maciej"]
[Black "Markiewicz, Krzysztof"]
[Result "0-1"]
[WhiteTitle "II"]
[BlackTitle "II"]
[WhiteElo "1137"]
[BlackElo "1231"]

1. e4 c5 2. Nf3 d6 3. d4 cxd4 4. Nxd4 Nf6 5. Nc3 g6 6. Bg5 Bg7 7. f4 O-O 8. g4
Bxg4 9. Be2 Bxe2 10. Qxe2 Nc6 11. Nxc6 0-1

[Event "TURNIEJ O PUCHAR UKS PALAC MLODZIEZY KATOWICE Z OKAZJI DNIA NIEPODLEGLOSCI"]
[Site "Centrum Kongresow i Rekreacji Orle Gniazdo ul. Wrzosowa 28a, Szczyrk"]
[Date "1899-12-30"]
[Round "8.56"]
[White "Sloniewski, Jakub"]
[Black "Wawro, Kacper"]
[Result "0-1"]
[WhiteTitle "II"]
[BlackTitle "III"]
[WhiteElo "1021"]
[BlackElo "1223"]

1. e4 e5 2. Nf3 Nc6 3. d4 exd4 4. Bc4 Nf6 5. e5 d5 6. Bb5 Ne4 7. Nxd4 Bd7 8. Nxc6
bxc6 9. Bd3 Nc5 10. O-O Nxd3 11. Qxd3 g6 12. f4 Bf5 13. Qa6 Bc5+ 14. Kh1 Qd7 15.
Qe2 O-O 16. Nc3 d4 17. Ne4 Bb6 18. Nf6+ Kg7 19. Nxd7 Bxd7 20. Bd2 Bf5 21. c3 c5
22. cxd4 cxd4 23. Rad1 Rfd8 24. Qf3 c5 25. g4 Be6 26. f5 Bd5 27. Qxd5 Rxd5 28.
e6 fxe6 29. fxe6 Re5 30. Rde1 Rxe1 31. Rxe1 Re8 32. Bg5 d3 33. b3 Ba5 34. Re5
d2 35. Rd5 Rxe6 36. Bxd2 Bxd2 37. Rxd2 Rc6 38. Rd7+ Kf6 39. Rxh7 a5 40. Ra7 c4
41. Rxa5 c3 42. b4 c2 43. g5+ Kg7 44. Ra7+ Kf8 45. Ra8+ Ke7 46. Ra7+ Kd6 47. b5
c1=Q+ 48. Kg2 Qxg5+ 49. Kf1 Rc1+ 50. Ke2 Qe5+ 51. Kd3 Qd5+ 52. Ke2 Rc2+ 53. Kf3
0-1

[Event "TURNIEJ O PUCHAR UKS PALAC MLODZIEZY KATOWICE Z OKAZJI DNIA NIEPODLEGLOSCI"]
[Site "Centrum Kongresow i Rekreacji Orle Gniazdo ul. Wrzosowa 28a, Szczyrk"]
[Date "1899-12-30"]
[Round "8.57"]
[White "Smuda, Tomasz"]
[Black "Dudek, Jan"]
[Result "1-0"]
[WhiteTitle "III"]
[BlackTitle "III"]
[WhiteElo "1213"]
[BlackElo "1106"]

1. e4 c5 2. Nf3 Nc6 3. Nc3 e6 4. Bc4 a6 5. a4 Nb4 6. d4 cxd4 7. Nxd4 Bc5 8. Nf3
Nf6 9. O-O Ng4 10. h3 Nxf2 11. Rxf2 Bxf2+ 12. Kxf2 Qb6+ 13. Be3 Qc6 14. Bb3 O-O
15. Nd4 Qc7 16. Qg4 g6 17. Nf3 e5 18. h4 d5 19. Qg3 d4 20. Nxd4 Nc6 21. Nxc6 bxc6
22. h5 Bd7 23. hxg6 hxg6 24. Qh4 Rfe8 25. Qh6 Be6 1-0